| 000 | 00353nam a2200157Ia 4500 | ||
|---|---|---|---|
| 005 | 20250508165023.0 | ||
| 008 | 250508s9999||||xx |||||||||||||| ||und|| | ||
| 041 | _aEnglish | ||
| 082 |
_a803.23 _bABR |
||
| 100 | _aAbrams, M.H | ||
| 245 | 2 | _aA Glossary of Literary Terms | |
| 250 | _a11ed | ||
| 260 |
_bCengage _c2015 |
||
| 300 | _a430p | ||
| 942 | _cBK | ||
| 999 |
_c13605 _d13605 |
||